Оптимизация хранения словаря триплетов с использованием числовых идентификаторов; Технологии Microsoft в теории и практике программирования

Detalles Bibliográficos
Parent link:Технологии Microsoft в теории и практике программирования.— 2012.— [С. 176-182]
Autor Principal: Нгуен Ба Нгок
Autor Corporativo: Национальный исследовательский Томский политехнический университет (ТПУ) Институт кибернетики (ИК) Кафедра оптимизации систем управления (ОСУ)
Outros autores: Тузовский А. Ф. Анатолий Федорович (научный руководитель)
Summary:Заглавие с титульного листа.
Triple dictionary is a crucial component for semantic search systems by metadata. In this work we propose a method to convert each unique element of triples to numeric identification. A compression method for the triple sets based on the exclusion of common fragment is also described.
Idioma:ruso
Publicado: 2012
Series:Интеллектуальные системы и технологии
Subjects:
Acceso en liña:http://www.lib.tpu.ru/fulltext/c/2012/C28/064.pdf
Formato: Electrónico Capítulo de libro
KOHA link:https://koha.lib.tpu.ru/cgi-bin/koha/opac-detail.pl?biblionumber=611396

MARC

LEADER 00000naa2a2200000 4500
001 611396
005 20231102023309.0
035 |a (RuTPU)RU\TPU\conf\9147 
035 |a RU\TPU\conf\9145 
090 |a 611396 
100 |a 20150310d2012 k y0rusy50 ca 
101 0 |a rus  |d eng 
102 |a RU 
105 |a y z 100zy 
135 |a drgn ---uucaa 
181 0 |a i  
182 0 |a b 
200 1 |a Оптимизация хранения словаря триплетов с использованием числовых идентификаторов  |f Нгуен Ба Нгок  |g науч. рук. А. Ф. Тузовский 
203 |a Текст  |c электронный 
215 |a 1 файл (655 Кб) 
225 1 |a Интеллектуальные системы и технологии 
230 |a Электронные текстовые данные (1 файл : 655 Кб) 
300 |a Заглавие с титульного листа. 
320 |a [Библиогр.: с. 182 (3 назв.)] 
330 |a Triple dictionary is a crucial component for semantic search systems by metadata. In this work we propose a method to convert each unique element of triples to numeric identification. A compression method for the triple sets based on the exclusion of common fragment is also described. 
337 |a Adobe Reader 
463 1 |0 (RuTPU)RU\TPU\conf\61  |t Технологии Microsoft в теории и практике программирования  |o сборник трудов IX Всероссийской научно-практической конференции студентов, аспирантов и молодых ученых, 21-22 марта 2012 г., г.Томск  |f Национальный исследовательский Томский политехнический университет (ТПУ), Институт кибернетики ; отв. ред. А. Р. Вахитов  |v [С. 176-182]  |d 2012 
610 1 |a электронный ресурс 
610 1 |a труды учёных ТПУ 
610 1 |a оптимизация 
610 1 |a хранение 
610 1 |a триплеты 
610 1 |a идентификаторы 
610 1 |a семантические метаописания 
610 1 |a поисковые системы 
700 0 |a Нгуен Ба Нгок  |c вьетнамский специалист в области оптимизации систем управления  |c аспирант Томского политехнического университета  |f 1984-  |2 stltpush  |3 (RuTPU)RU\TPU\pers\29782  |9 14259 
702 1 |a Тузовский  |b А. Ф.  |c специалист в области информатики и вычислительной техники  |c профессор Томского политехнического университета, доктор технических наук  |f 1952-  |g Анатолий Федорович  |2 stltpush  |4 727 
712 0 2 |a Национальный исследовательский Томский политехнический университет (ТПУ)  |b Институт кибернетики (ИК)  |b Кафедра оптимизации систем управления (ОСУ)  |h 127  |2 stltpush  |3 (RuTPU)RU\TPU\col\18702 
801 2 |a RU  |b 63413507  |c 20150310  |g RCR 
856 4 |u http://www.lib.tpu.ru/fulltext/c/2012/C28/064.pdf 
942 |c BK